Les 10 plus grandes villes de Bulgarie - Statistiques

Statistiques générales
  • Ce quiz a été pris 150 fois
  • Le résultat moyen est 6 sur 10
Statistiques - réponses
Population Ville % Correct
1 152 556 Sofia
100%
312 770 Varna
84%
340 494 Plovdiv
80%
195 966 Bourgas
74%
156 238 Roussé
55%
118 675 Pleven
41%
143 431 Stara Zagora
39%
87 283 Choumen
31%
96 368 Sliven
27%
94 831 Dobritch
25%
Aucun quiz correspondant
Distribution des résultats
% des personnes avec chaque résultat
Percentile par nombre de réponses
Votre historique - résultats
Vous n’avez pas pris ce quiz